Statistiques concernant Quizz Pokémon 2G

Cliquez ici pour prendre le quiz!

Statistiques générales

  • Ce quiz a été pris 556 fois
  • Le résultat moyen est 76 sur 100

Statistiques - réponses

Nom% Correct
152Germignon
99%
155Héricendre
99%
158Kaiminus
98%
249Lugia
98%
157Typhlosion
98%
160Aligatueur
97%
156Feurisson
97%
250Ho-Oh
96%
154Méganium
96%
159Crocrodil
95%
244Entei
95%
245Suicune
95%
251Celebi
94%
153Macronium
94%
243Raikou
94%
163Hoothoot
92%
161Fouinette
91%
164Noarfang
91%
162Fouinar
90%
246Embrylex
89%
248Tyranocif
89%
180Lainergie
88%
196Mentali
88%
197Noctali
88%
181Pharamp
88%
208Steelix
88%
247Ymphect
87%
240Magby
85%
169Nostenfer
85%
179Wattouat
85%
239Élekid
84%
212Cizayox
83%
241Écrémeuh
82%
238Lippouti
82%
172Pichu
81%
173Mélo
80%
168Migalos
80%
167Mimigal
80%
175Togepi
80%
229Démolosse
78%
228Malosse
78%
176Togetic
78%
165Coxy
77%
174Toudoudou
77%
166Coxyclaque
76%
230Hyporoi
76%
236Debugant
75%
237Kapoera
75%
220Marcacrin
75%
221Cochignon
74%
198Cornèbre
74%
200Feuforêve
74%
201Zarbi
74%
227Airmure
72%
199Roigada
71%
185Simularbre
71%
186Tarpaud
71%
232Donphan
70%
215Farfuret
70%
171Lanturn
70%
242Leuphorie
70%
177Natu
70%
178Xatu
70%
170Loupio
69%
231Phanpy
69%
204Pomdepik
69%
234Cerfrousse
68%
189Cotovol
68%
188Floravol
68%
205Foretress
68%
218Limagma
68%
183Marill
68%
214Scarhino
68%
184Azumarill
67%
187Granivol
67%
182Joliflor
66%
195Maraiste
66%
219Volcaropod
66%
194Axoloto
65%
226Démanta
65%
207Scorplane
64%
206Insolourdo
63%
233Porygon2
63%
202Qulbutoké
63%
192Héliatronc
62%
224Octillery
62%
223Rémoraid
62%
225Cadoizo
60%
203Girafarig
60%
235Queulorior
60%
191Tournegrin
60%
217Ursaring
60%
216Teddiursa
59%
190Capumain
58%
213Caratroc
58%
209Snubbull
58%
222Corayon
57%
210Granbull
57%
193Yanma
57%
211Qwilfish
56%

Distribution des résultats

Percentile par nombre de réponses

% des personnes avec chaque résultat

Votre développement - résultats

Vous n’avez pas pris ce quiz